000 01300 a2200229 4500
003 Nust
005 20221125143657.0
010 _a 76017013
020 _a0070042306 :
040 _cNust
082 0 0 _a621.3815,BEC
100 1 _aBecker, Peter W.
_9103632
245 1 0 _aDesign of systems and circuits for maximum reliability or maximum production yield /
_cPeter W. Becker, Finn Jensen.
260 _aNew York :
_bMcGraw-Hill,
_cc1977.
300 _axiv, 293 p. :
_bill. ;
_c24 cm.
505 _aIntroduction (Page-1), Some Basic Reliability Concepts (Page-5), Mathematical Design (Page-69), A Mathematical Model of Yield of Drift Reliability (Page-83), Methods for Computing the Probability of System or Circuit Success (Page-103), Basic for the Prediction of Yield and Drift Reliability (Page-152), Examples of Output-Variable Probability Densities Obtained by Convolution and Monte Carlo Techniques (Page-163), Optimization Techniques (Page-176), Circuit Examples Illustrating the use of the Proposed Design Strategies (Page-193).
650 0 _aElectronic circuit design
_xData processing.
_994835
650 0 _aElectronic systems
_xDesign and construction
_xData processing.
_9103633
650 0 _aTelecommunication engineering
700 1 _aJensen, Finn,
_d1937-
_9103634
942 _2ddc
_cBK
999 _c182019
_d182019